|
|
|
|
| LEADER |
00606nab a2200169 i 4500 |
| 001 |
misc3517 |
| 005 |
20191106141853.0 |
| 008 |
170607s1945 hu o 0|| hun d |
| 040 |
|
|
|a SZTE Miscellanea Repozitórium
|b hun
|
| 041 |
|
|
|a hun
|
| 100 |
1 |
|
|a Sartre Jean-Paul
|
| 245 |
1 |
2 |
|a A fal
|h [elektronikus dokumentum] :
|b [elbeszélés] /
|c Sartre Jean-Paul
|
| 260 |
|
|
|c 1945
|
| 300 |
|
|
|a 37-44
|
| 490 |
0 |
|
|a Irodalom, tudomány : a Magyar-Szovjet Művelődési Társaság folyóirata
|v 1 No. 1
|
| 695 |
|
|
|a Francia irodalom - novella
|
| 856 |
4 |
0 |
|u http://misc.bibl.u-szeged.hu/3517/1/irtud_001_037-044.pdf
|z Dokumentum-elérés
|